Home Print Resources E-Books E-Journals IIMT Lecture Series Library Membership Form Book Recommendation Form Campus Tour Take AdmissionAbout Us Contact Us

ENERGY RESOURCES (Record no. 6052)

000 -LEADER
fixed length control field 00351nam a2200157Ia 4500
003 - CONTROL NUMBER IDENTIFIER
control field OSt
005 - DATE AND TIME OF LATEST TRANSACTION
control field 20240130110341.0
008 - FIXED-LENGTH DATA ELEMENTS--GENERAL INFORMATION
fixed length control field 170524s9999 xx 000 0 und d
020 ## - INTERNATIONAL STANDARD BOOK NUMBER
International Standard Book Number 9788178001241
040 ## - CATALOGING SOURCE
Transcribing agency iimtu
100 ## - MAIN ENTRY--PERSONAL NAME
Personal name RAO- M V R KOTESWARA
245 #0 - TITLE STATEMENT
Title ENERGY RESOURCES
260 ## - PUBLICATION, DISTRIBUTION, ETC.
Name of publisher, distributor, etc. B.S. Publication
260 ## - PUBLICATION, DISTRIBUTION, ETC.
Date of publication, distribution, etc. 2011
942 ## - ADDED ENTRY ELEMENTS (KOHA)
Source of classification or shelving scheme
Koha item type Book Bank
Holdings
Withdrawn status Lost status Source of classification or shelving scheme Damaged status Not for loan Home library Current library Date acquired Full call number Barcode Date last seen Uniform Resource Identifier Price effective from Koha item type Public note Total Checkouts Date last checked out
          IIMT University Central Library Meerut IIMT University Central Library Meerut 05/31/2017 R 01-B-57773 05/31/2017 ENERGY RESOURCES 05/31/2017 Reference Book Engineering Departmental Library books    
          IIMT University Central Library Meerut IIMT University Central Library Meerut 05/31/2017   01-B-57774 05/31/2017 ENERGY RESOURCES 05/31/2017 Book Bank      
          IIMT University Central Library Meerut IIMT University Central Library Meerut 05/31/2017   01-B-57775 05/31/2017 ENERGY RESOURCES 05/31/2017 Book Bank      
          IIMT University Central Library Meerut IIMT University Central Library Meerut 05/31/2017   01-B-57776 05/31/2017 ENERGY RESOURCES 05/31/2017 Book Bank      
          IIMT University Central Library Meerut IIMT University Central Library Meerut 05/31/2017   01-B-57777 05/31/2017 ENERGY RESOURCES 05/31/2017 Book Bank      
          IIMT University Central Library Meerut IIMT University Central Library Meerut 05/31/2017   01-B-57778 05/31/2017 ENERGY RESOURCES 05/31/2017 Book Bank      
          IIMT University Central Library Meerut IIMT University Central Library Meerut 05/31/2017   01-B-57779 07/29/2023 ENERGY RESOURCES 05/31/2017 Book Bank   2 03/18/2023
          IIMT University Central Library Meerut IIMT University Central Library Meerut 05/31/2017   01-B-57780 05/31/2017 ENERGY RESOURCES 05/31/2017 Book Bank      
          IIMT University Central Library Meerut IIMT University Central Library Meerut 05/31/2017   01-B-57781 05/31/2017 ENERGY RESOURCES 05/31/2017 Book Bank      
          IIMT University Central Library Meerut IIMT University Central Library Meerut 05/31/2017   01-B-57782 05/31/2017 ENERGY RESOURCES 05/31/2017 Book Bank Engineering Departmental Library books    
IIMT, Central Library. All Rights Reserved IIMT,UNIVERSITY © 2023
Implemented and Customised by I CLOUDE EMS
You Are OPAC Visitor No
free web counter

Powered by Koha